Atlas histórico y urbano del nordeste argentino: pueblos de indios y misiones jesuíticas

Saved in:
Bibliografiske detaljer
Main Authors: Maeder, Ernesto J. A. (autor), Gutíerrez, Ramón (Author)
Format: Bog
Sprog:spansk
Udgivet: Resistencia Instituto de Investigaciones Geohistóricas 1994
Fag:
Tags: Tilføj Tag
Ingen Tags, Vær først til at tagge denne postø!

MARC

LEADER 00000nam a2200000 a 4500
001 UCT7245
003 CL-VaPUC
008 970117e19940000AG |||||||||||||||||spa|d
082 0 4 |a 982  |b MAE  |2 21 
100 |a Maeder, Ernesto J. A.  |e autor  |9 378164 
700 |a Gutíerrez, Ramón  |e author  |9 378165 
245 1 0 |a Atlas histórico y urbano del nordeste argentino: pueblos de indios y misiones jesuíticas 
300 |a 99 p 
942 |c BK 
945 |d 19970117 00:00:00  |a rbrito 
260 |a Resistencia  |b Instituto de Investigaciones Geohistóricas  |c 1994 
600 0 7 |a JESUITAS  |2 CL-VaPUC  |9 323765 
650 0 |a Mapas  |9 260844 
650 0 |a Archivos cartográficos   |9 376595 
650 0 |a Cartografía   |9 266055 
650 0 |a Misioneros  |9 324171 
650 0 |a Iglesias  |9 352850 
650 7 |a SIGLOS 16-20  |2 CL-VaPUC  |9 371478 
651 0 |a Argentina  |9 254888 
583 |a last modification  |c 19970117 00:00:00  |k Rodrigo Vera 
999 |c 255900  |d 255898 
952 |0 0  |1 0  |4 0  |6 982_000000000000000_MAE_1994  |7 0  |8 A  |9 278371  |a BIBHIS  |b BIBHIS  |d 2019-11-19  |i 3282686  |o 982 MAE 1994  |p 3282686  |r 2025-01-20  |w 2019-11-19  |y BK  |k HIS